00596nam a2200193 a 450000100060000000300080000600500170001400800410003103500190007204000320009104100080012308200260013110000270015724500710018426000460025530000340030150400310033565100360036664661BD-RjUL20211209081331.0170219s1963 mdu 000 0 eng d a(BD-RjUL)64791 aVLUbengcVLUdANLdBD-RjUL aeng0 a961.204223bKHM 19631 aKhadduri, Majidd1908-10aModern Libya :ba study in political development /cMajid Khadduri aBaltimore :bJohns Hopkins Press,cc1963. avii, 404 p. :bill. ;c23 cm. aBibliographical footnotes. 0aLibyaxPolitics and government.